| 000 | 00418nam a22001697a 4500 | ||
|---|---|---|---|
| 005 | 20180710111055.0 | ||
| 008 | 160525b xxu||||| |||| 00| 0 eng d | ||
| 020 | _a81-261-2995-6 | ||
| 041 | _aeng | ||
| 082 |
_b4936 _a658.15 |
||
| 100 |
_aBhalla, V.K. _94500 |
||
| 245 | _aManagement of Financial Service | ||
| 260 |
_aNew Delhi _bAcademic Faundation |
||
| 300 | _a911p, | ||
| 650 |
_aManagement _9241 |
||
| 942 | _cBK | ||
| 999 |
_c1733 _d1732 |
||